000 01191nam a22003734a 4500
001 56020
005 20230410123932.0
008 990718s2000 mx b 000 0 spa
010 _a 00400149
035 _a(OCoLC)ocm44971998
040 _aDLC
_cDLC
_dPL#
_dEL$
019 _a44727185
020 _a9688567531
020 _a9789688567531
035 _a(OCoLC)44971998
_z(OCoLC)44727185
042 _apcc
043 _an-mx---
050 1 4 _aLA426
_b.S218t 2000
049 _aGRAL
100 1 _aSandoval Flores, Etelvina.
245 1 3 _aLa trama de la escuela secundaria :
_binstitución, relaciones y saberes /
_cEtelvina Sandoval Flores.
250 _a1. ed.
260 _aMéxico, D.F. :
_bUniversidad Pedagógica Nacional :
_bPlaza y Valdés Editores,
_c2000.
300 _a386 p. ;
_c21 cm.
504 _aIncludes bibliographical references (p. 351-369).
650 0 _aEducation, Secondary
_zMexico.
650 0 _aHigh schools
_zMexico.
653 _aEducación secundaria
_aMéxico.
650 4 _aEducación
_xLeyes y legislación
_zMéxico
938 _aPuvill Libros
_bPUVL
_n9688567531
_c$48.37
942 _2lcc
_cbk
994 _aC0
_bDRFGD
946 _aLspaulino
999 _c68420
_d68420